书目信息 |
| 题名: |
广播电视大学一九八六年招生复习指导
|
|
| 作者: | 张平 编 | |
| 分册: | 理工类 | |
| 出版信息: | 北京 北京科学技术出版社 1985 |
|
| 页数: | 391页 | |
| 开本: | 26cm | |
| 丛书名: | ||
| 单 册: | ||
| 中图分类: | G723.2 , G633 | |
| 科图分类: | ||
| 主题词: | 理科--成人教育--升学参考资料 | |
| 电子资源: | ||
| ISBN: | ||
| 000 | 00700nam0 2200241 45 | |
| 001 | 0185011889 | |
| 005 | 20040427084603.5 | |
| 010 | @dCNY4.20 | |
| 100 | @a19951027d1985 em y0chiy0121 ea | |
| 101 | 0 | @achi |
| 102 | @aCN@b110000 | |
| 105 | @ay z 000yy | |
| 106 | @ar | |
| 200 | 10 | @a广播电视大学一九八六年招生复习指导@i理工类@Aguang bo dian shi da xue yi jiu ba liu nian zhao shengfu xi zhi dao@f张平编 |
| 210 | @a北京@c北京科学技术出版社@d1985 | |
| 215 | @a391页@d26cm | |
| 606 | @a理科@x成人教育@x升学参考资料 | |
| 690 | @aG723.2@v3 | |
| 690 | @aG633 | |
| 701 | 0 | @a张平@4编@Azhang pin |
| 801 | 0 | @aCN@b深圳图书馆@c20040427 |
| 801 | 2 | @aCN@bNLC@c20040427 |
| 905 | @f1@b147563@dG633@e10 | |
| 广播电视大学一九八六年招生复习指导.理工类/张平编.-北京:北京科学技术出版社,1985 |
| 391页;26cm |
| ISBN :CNY4.20 |
| ● |
| 相关链接 |
|
|
|
|
正题名:广播电视大学一九八六年招生复习指导
索取号:G633/10
 
预约/预借
| 序号 | 登录号 | 条形码 | 馆藏地/架位号 | 状态 | 备注 |
| 1 | 0147563 | 000468425 | 密集书库/ [索取号:G633/10] | 在馆 | |
| 2 | 0147565 | 000468452 | 第一样本阅览室/ [索取号:G633/10] | 在馆 |